000 00548nam a22002057a 4500
003 UA-OsUOA
001 12877
007 ta
008 20050531b un ||||| |||| 00| 0 ukr d
100 _aГришин-Грищук І.
942 _cSA
040 _aUA-OsUOA
_bukr
_cUA-OsUOA
_dUA-OsUOA
245 _aЛітописець розстріляного відродження : [ Про Ю. Лавріненка ]
300 _aС.9 - 13
955 _a0
041 _aukr
044 _aUA
773 0 _w0
650 7 _aЛавріненко Ю.
_2UDC
999 _c299038
_d299038